00559nam a22001697a 450000500170000001000150001702000250003203500140005703700130007108200080008410000270009224500970011926000440021627000920026030000200035270000170037220220302112021.0 aENG-131833 a9789389080094c80.00 aEN-115365 bDBAD/PUB a881 aVirumbi's, Muththamizh aThe Language of Love:bHeart to Heart/cMuththamizh Virumbi's and Translated by C. Rajeswari aChennaibOlivannan Gopalakrishnanc2019 a15 A, First Floor, Casa Major Road, EgmorebChennaie600008minfo@emeraldpublishers.com a82p.c18cm(pbk) aRajeswari, C